Other Half: Roads to Women`s Equality (Record no. 25781)
[ view plain ]
| 000 -LEADER | |
|---|---|
| fixed length control field | 00434nam a2200169Ia 4500 |
| 100 ## - MAIN ENTRY--AUTHOR NAME | |
| Personal name | "Epstein, Cynthia Fuchs" |
| 245 #0 - TITLE STATEMENT | |
| Title | Other Half: Roads to Women`s Equality |
| 250 ## - EDITION STATEMENT | |
| Edition statement | \\197100ENGGPSX |
| 260 ## - PUBLICATION, DISTRIBUTION, ETC. (IMPRINT) | |
| Place of publication | Prentice Hall |
| 260 ## - PUBLICATION, DISTRIBUTION, ETC. (IMPRINT) | |
| Name of publisher | 1971 |
| 260 ## - PUBLICATION, DISTRIBUTION, ETC. (IMPRINT) | |
| Year of publication | Englewood Cliffs |
| 300 ## - PHYSICAL DESCRIPTION | |
| Number of Pages | viii+207p |
| 500 ## - GENERAL NOTE | |
| General note | includes index and biblioraphy |
| 942 ## - ADDED ENTRY ELEMENTS (KOHA) | |
| Koha item type | Books |
| Withdrawn status | Lost status | Home library | Current library | Shelving location | Date acquired | Full call number | Accession Number | Koha item type |
|---|---|---|---|---|---|---|---|---|
| PSG-CAS LIBRARY | PSG-CAS LIBRARY | AW ROW 2 RACK 81 SHELF 5 | 25/04/2018 | 396 E3 | 31170 | Books |